00489nam a22001457a 4500003000400000005001700004008004100021040001100062041001200073100004200085245008400127260005300211650002200264856005700286OSt20260223102030.0260223b |||||||| |||| 00| 0 eng d cMRSPTU aEnglish aMoney, Supervisor: Dr. Manjeet Bansal aAdsorption of Lead (Pb2+) From Industrial Wastewater Using Carbonized Rice Husk bDepartment of Civil Engg. MRSPTU, Bathindac2017 aCivil Engineering uhttp://163.47.215.52:8080/jspui/handle/123456789/438